000 00641nam a2200241Ia 4500
003 OSt
005 20220926021508.0
006 a|||||r|||| 00| 0
007 ta
008 220923b |||||||| |||| 00| 0 eng d
037 _cGeneral Book
040 _aRTL
_cRTL
_beng
041 _2eng
_aeng
082 _aX:77ogF, J7/UN
110 _aUnited Nations
245 0 _aI saw technical assistance change lives
260 _aNew York
_bUN USA
_c1957
300 _a71p.
_ccm.
650 _aEconomics Development
700 _aUnited Nations
942 _hX:77ogF, J7/UN
_cGB
_2CC
999 _c636918
_d636918